Vista normal
Vista MARC
- Arias Incollá, María de las Nieves,
Entrada Nombre personal
Número de registros utilizados en: 2
001 - NÚMERO DE CONTROL
- campo de control: 8336
003 - IDENTIFICADOR DEL NÚMERO DE CONTROL
- campo de control: AR-BaAGN
005 - FECHA Y HORA DE LA ÚLTIMA TRANSACCIÓN
- campo de control: 20240607103103.0
008 - ELEMENTOS DE DATO DE LONGITUD-FIJA
- campo de control de longitud fija: nn ac|nnaabn a aaa d
040 ## - FUENTE DE CATALOGACIÓN
- Centro catalogador/agencia de origen: AR-BaAGN
- Lengua de catalogación: spa
- Normas de descripción: aacr
100 1# - ENCABEZAMIENTO-NOMBRE DE PERSONA
- Nombre de persona: Arias Incollá, María de las Nieves,
- Fechas asociadas al nombre: 1950-
374 ## - OCUPACIÓN
- Ocupación: Arquitectos
374 ## - OCUPACIÓN
- Ocupación: Docentes
400 ## - TRAZADO DE VÉASE--NOMBRE DE PERSONA
- Nombre de persona: Arias Incollá, Nani,
- Fechas asociadas al nombre: 1950-
